Central Library OPAC University of Rajshahi

Nuclear physics / (Record no. 1509)

MARC details
000 -LEADER
fixed length control field 00790nam a2200265 a 4500
001 - CONTROL NUMBER
control field 1509
003 - CONTROL NUMBER IDENTIFIER
rucl marc code UkOxU
005 - DATE AND TIME OF LATEST TRANSACTION
control field 20211208233341.0
008 - FIXED-LENGTH DATA ELEMENTS--GENERAL INFORMATION
fixed length control field 500101s1955 nyua 001 0 eng d
035 ## - SYSTEM CONTROL NUMBER
System control number (BD_RjUL)1532
040 ## - CATALOGING SOURCE
Original cataloging agency DLC
Transcribing agency SNN
Modifying agency OCL/m.c/SER/EUX
-- BD-RjUL
Language of cataloging eng
041 ## - LANGUAGE CODE
Language code of text/sound track or separate title eng
082 ## - DEWEY DECIMAL CLASSIFICATION NUMBER
Classification number 539.7
Author mark and year GRN 1955
100 1# - MAIN ENTRY--PERSONAL NAME
Personal name Green, Alex Edward Samuel,
Dates associated with a name 1919-
9 (RLIN) 192
245 10 - TITLE STATEMENT
Title Nuclear physics /
Statement of responsibility, etc. Alex E. S. Green.
260 ## - PUBLICATION, DISTRIBUTION, ETC. (IMPRINT)
Place of publication, distribution, etc. New York ; London :
Name of publisher, distributor, etc. McGraw-Hill,
Date of publication, distribution, etc. 1955.
300 ## - PHYSICAL DESCRIPTION
Pagination 535 p :
Illustrations ill. ;
Size 24 cm.
490 1# - SERIES STATEMENT
Series statement International series in pure and applied physics
526 ## - STUDY PROGRAM INFORMATION NOTE
Requested Dept. physics
650 #0 - SUBJECT ADDED ENTRY--TOPICAL TERM
Topical term or geographic name as entry element Nuclear physics.
9 (RLIN) 193
830 #0 - SERIES ADDED ENTRY--UNIFORM TITLE
Uniform title International series in pure and applied physics
942 ## - ADDED ENTRY ELEMENTS (KOHA)
Source of classification or shelving scheme Dewey Decimal Classification
Koha item type Books
Holdings
Lost status Source of classification or shelving scheme Damaged status Not for loan Collection code Permanent Location Current Location Shelving location Date acquired Source of acquisition Cost, normal purchase price Total Checkouts Full call number Date last seen Copy number Koha item type
  Dewey Decimal Classification     Non-fiction Central Library, University of Rajshahi Central Library, University of Rajshahi   07/05/1964 Zeitlinger 83.00   539.7 GRN 1955 30/11/2013 C-9 Books
  Dewey Decimal Classification     Non-fiction Central Library, University of Rajshahi Central Library, University of Rajshahi   12/02/1963 Zeittinger 79.00   539.7 GRN 1955 30/11/2013 C-7 Books